000
00493nam a2200181Ia 4500
008
090123s9999 xx 000 0 und d
082
_b
15616
_a
891.463/थोरे
100
_a
थोरे अशोक
245
_a
प्रभाव
250
_a
1
260
_b
पुजा प्रकाशन
300
_a
210
600
_a
थोरे अशोक
630
_a
प्रभाव
700
_a
थोरे अशोक
730
_a
प्रभाव
942
_c
BOOK
999
_c
53677
_d
53677